| 000 | 00957nam a22002897a 4500 | ||
|---|---|---|---|
| 005 | 20260410113404.0 | ||
| 007 | ta | ||
| 008 | 260410b |||||||| ||2022| 0 spa d | ||
| 020 | _a9786124443459 | ||
| 040 |
_apelieoe _bspa _cpelieoe _erda |
||
| 043 | _ape | ||
| 050 | _aJL3431 P26 2022 | ||
| 100 | 1 |
_aParedes, Carlos E. _92971 _eautor |
|
| 245 |
_aResilientes pero no indolentes : _breflexiones sobre la crisis peruana / _cCarlos E. Paredes Lanatta. |
||
| 250 | _aPrimera edición | ||
| 264 |
_aLima : _bUniversidad Continental, _c [2022] |
||
| 300 |
_a206 páginas : _bilustraciones a colr |
||
| 336 |
_atexto _btxt |
||
| 337 |
_asin mediación _bn |
||
| 338 |
_2volumen _ardacarrier |
||
| 500 | _a"Gestión" | ||
| 541 | _3Libro | ||
| 650 | 0 |
_aAdministración pública _96230 |
|
| 650 | 0 |
_aAdministración de conflictos _99453 _ySiglo XXI |
|
| 651 | 0 |
_aPerú _xPolítica y gobierno _93299 _ySiglo XXI |
|
| 942 |
_2lcc _cBK _e2022 _hJL _k3431 _mP26 |
||
| 999 |
_c10364 _d10364 |
||